[Event "RUS-ch Rapid 2021"]
[Site "Sochi"]
[Date "2021.10.13"]
[Round "10.6"]
[White "Riazantsev, Alexander"]
[Black "Belozerov, Andrei"]
[Result "1/2-1/2"]
[WhiteElo "2634"]
[BlackElo "2476"]
[Annotator "RC"]
[PlyCount "120"]
[EventDate "2021.10.12"]
[EventType "swiss"]
[EventCountry "RUS"]
[SourceTitle "playchess.com"]
[Source "ChessBase"]
[SourceQuality "1"]
[TimeControl "900+10"]

1. d4 {[%emt 0:00:00]} d5 {[%emt 0:00:10]} 2. c4 {[%emt 0:00:02]} c6 {[%emt 0:
00:00]} 3. Nc3 {[%emt 0:00:11]} Nf6 {[%emt 0:00:01]} 4. e3 {[%emt 0:00:00]} e6
{[%emt 0:00:31]} 5. Bd3 {[%emt 0:00:05]} dxc4 {[%emt 0:00:49]} 6. Bxc4 {
[%emt 0:00:02]} c5 {[%emt 0:00:10]} 7. Nf3 {[%emt 0:00:32]} a6 {[%emt 0:00:20]}
8. O-O {[%emt 0:00:59]} b5 {[%emt 0:00:03]} 9. Be2 {[%emt 0:00:05]} Bb7 {
[%emt 0:00:00]} 10. dxc5 {[%emt 0:00:03]} Bxc5 {[%emt 0:01:12]} 11. Qxd8+ {
[%emt 0:00:17]} Kxd8 {[%emt 0:00:06]} 12. Nd2 {[%emt 0:00:19]} Ke7 {[%emt 0:03:
52]} 13. Nb3 {[%emt 0:00:01]} Bb4 {[%emt 0:01:13]} 14. a4 {[%emt 0:00:44]} bxa4
{[%emt 0:00:23]} 15. Nxa4 {[%emt 0:02:54]} Nbd7 {[%emt 0:00:30]} 16. f3 {
[%emt 0:00:53]} Rhc8 {[%emt 0:01:15]} 17. e4 {[%emt 0:00:16]} a5 {[%emt 0:01:
37]} 18. Be3 {[%emt 0:02:13]} Ba6 {[%emt 0:00:06]} 19. Bxa6 {[%emt 0:00:55]}
Rxa6 {[%emt 0:00:00]} 20. Nd4 {[%emt 0:00:00]} Ne5 {[%emt 0:03:06]} 21. Rfc1 {
[%emt 0:01:23]} Raa8 {[%emt 0:00:25]} 22. Nb6 {[%emt 0:00:36]} Rxc1+ {[%emt 0:
00:00]} 23. Rxc1 {[%emt 0:00:00]} Ra6 {[%emt 0:00:40]} 24. Rc7+ {[%emt 0:01:58]
} Kd8 {[%emt 0:00:02]} 25. Rc8+ {[%emt 0:00:59]} Ke7 {[%emt 0:00:04]} 26. Nc6+
{[%emt 0:02:02]} Nxc6 {[%emt 0:00:26]} 27. Rxc6 {[%emt 0:00:02]} Ke8 {[%emt 0:
00:19]} 28. Rc8+ {[%emt 0:00:04]} Ke7 {[%emt 0:00:06]} 29. Rc7+ {[%emt 0:00:04]
} Ke8 {[%emt 0:00:14]} 30. Rb7 {[%emt 0:00:13]} Bd6 {[%emt 0:00:41]} 31. Nc4 {
[%emt 0:01:56]} Nd7 {[%emt 0:00:18]} 32. Bd4 {[%emt 0:00:22]} f6 {[%emt 0:00:
50]} 33. Nxd6+ {[%emt 0:00:02]} Rxd6 {[%emt 0:00:00]} 34. Bc3 {[%emt 0:00:00]}
Ra6 {[%emt 0:00:25]} 35. Kf2 {[%emt 0:00:07]} a4 {[%emt 0:00:00]} 36. Bb4 {
[%emt 0:00:23]} Rc6 {[%emt 0:00:43]} 37. Ba3 {[%emt 0:00:01]} Rc2+ {[%emt 0:00:
00]} 38. Kg3 {[%emt 0:00:01]} g5 {[%emt 0:00:09]} 39. Ra7 {[%emt 0:00:06]} h5 {
[%emt 0:00:27]} 40. h4 {[%emt 0:00:02]} gxh4+ {[%emt 0:00:14]} 41. Kh3 {
[%emt 0:00:00]} Rc4 {[%emt 0:00:04]} 42. Kxh4 {[%emt 0:00:00]} Rc2 {[%emt 0:00:
00]} 43. Kg3 {[%emt 0:00:45]} Rc4 {[%emt 0:00:11]} 44. Kh3 {[%emt 0:00:21]} Rd4
{[%emt 0:00:21]} 45. Kh4 {[%emt 0:00:18]} Rd2 {[%emt 0:00:03]} 46. Kg3 {
[%emt 0:00:03]} Rd4 {[%emt 0:00:03]} 47. Kf4 {[%emt 0:00:12]} Rd2 {[%emt 0:00:
02]} 48. Kg3 {[%emt 0:00:14]} Rd4 {[%emt 0:00:02]} 49. Kh4 {[%emt 0:00:22]} Rd2
{[%emt 0:00:01]} 50. Rxa4 {[%emt 0:00:10]} Rxg2 {[%emt 0:00:03]} 51. Kxh5 {
[%emt 0:00:08]} Ne5 {[%emt 0:00:10]} 52. Ra8+ {[%emt 0:00:04]} Kf7 {[%emt 0:00:
03]} 53. Ra7+ {[%emt 0:00:10]} Kg8 {[%emt 0:00:02]} 54. Ra8+ {[%emt 0:00:09]}
Kg7 {[%emt 0:00:05]} 55. Ra7+ {[%emt 0:00:06]} Kg8 {[%emt 0:00:05]} 56. Ra8+ {
[%emt 0:00:04]} Kg7 {[%emt 0:00:10]} 57. Ra7+ {[%emt 0:00:00]} Kg8 {[%emt 0:00:
02]} 58. Ra8+ {[%emt 0:00:32]} Kg7 {[%emt 0:00:00]} 59. Ra7+ {[%emt 0:00:00]}
Kg8 {[%emt 0:00:00]} 60. Ra8+ {[%emt 0:00:05]} Kg7 {[%emt 0:00:02]} 1/2-1/2

[Event "RUS-ch Rapid 2021"]
[Site "Sochi"]
[Date "2021.10.13"]
[Round "10.7"]
[White "Dreev, Aleksey"]
[Black "Popov, Valerij"]
[Result "1/2-1/2"]
[WhiteElo "2635"]
[BlackElo "2537"]
[Annotator "RC"]
[PlyCount "117"]
[EventDate "2021.10.12"]
[EventType "swiss"]
[EventCountry "RUS"]
[SourceTitle "playchess.com"]
[Source "ChessBase"]
[SourceQuality "1"]
[TimeControl "900+10"]

1. d4 {[%emt 0:00:00]} d5 {[%emt 0:00:04]} 2. Nf3 {[%emt 0:00:11]} Nf6 {
[%emt 0:00:02]} 3. c4 {[%emt 0:00:00]} e6 {[%emt 0:00:03]} 4. Nc3 {[%emt 0:00:
14]} c6 {[%emt 0:00:11]} 5. g3 {[%emt 0:00:09]} dxc4 {[%emt 0:00:27]} 6. Bg2 {
[%emt 0:00:01]} b5 {[%emt 0:00:05]} 7. Ne5 {[%emt 0:00:16]} Nd5 {[%emt 0:00:24]
} 8. a4 {[%emt 0:00:29]} f6 {[%emt 0:00:35]} 9. Nf3 {[%emt 0:00:56]} Bb7 {
[%emt 0:00:54]} 10. O-O {[%emt 0:01:13]} Nd7 {[%emt 0:00:28]} 11. Bh3 {[%emt 0:
02:12]} Kf7 {[%emt 0:01:02]} 12. Ne4 {[%emt 0:00:25]} Be7 {[%emt 0:00:52]} 13.
Bd2 {[%emt 0:00:50]} a5 {[%emt 0:02:44]} 14. b3 {[%emt 0:00:28]} cxb3 {[%emt 0:
00:06]} 15. Qxb3 {[%emt 0:00:06]} b4 {[%emt 0:00:18]} 16. Rac1 {[%emt 0:03:48]}
Qb6 {[%emt 0:00:37]} 17. Neg5+ {[%emt 0:01:32]} fxg5 {[%emt 0:00:27]} 18. e4 {
[%emt 0:00:00]} Nc7 {[%emt 0:01:44]} 19. Bxg5 {[%emt 0:01:14]} Rhe8 {[%emt 0:
01:17]} 20. Be3 {[%emt 0:00:59]} Rad8 {[%emt 0:00:55]} 21. Rfd1 {[%emt 0:01:35]
} c5 {[%emt 0:02:45]} 22. Bf4 {[%emt 0:01:23]} Bf6 {[%emt 0:00:42]} 23. Nd2 {
[%emt 0:00:08]} Qc6 {[%emt 0:00:52]} 24. Nc4 {[%emt 0:00:09]} Nb6 {[%emt 0:00:
01]} 25. Nxa5 {[%emt 0:00:46]} Qxe4 {[%emt 0:00:11]} 26. Nxb7 {[%emt 0:00:01]}
Qxb7 {[%emt 0:00:00]} 27. dxc5 {[%emt 0:00:05]} Nbd5 {[%emt 0:00:08]} 28. Bd6 {
[%emt 0:00:01]} Qc6 {[%emt 0:00:13]} 29. Bg2 {[%emt 0:00:26]} Bc3 {[%emt 0:00:
23]} 30. Rd3 {[%emt 0:00:11]} Kg8 {[%emt 0:00:05]} 31. Rcd1 {[%emt 0:00:00]}
Kh8 {[%emt 0:00:01]} 32. f4 {[%emt 0:00:17]} g6 {[%emt 0:00:25]} 33. h4 {
[%emt 0:00:01]} Ra8 {[%emt 0:00:16]} 34. h5 {[%emt 0:00:27]} Qxa4 {[%emt 0:00:
16]} 35. Qc4 {[%emt 0:00:03]} Qa2 {[%emt 0:00:24]} 36. Qe4 {[%emt 0:00:07]} Nf6
{[%emt 0:00:10]} 37. Be5 {[%emt 0:00:12]} Ncd5 {[%emt 0:00:17]} 38. h6 {
[%emt 0:00:12]} Qa7 {[%emt 0:00:09]} 39. Qc4 {[%emt 0:00:08]} Rac8 {[%emt 0:00:
23]} 40. Rxc3 {[%emt 0:00:06]} bxc3 {[%emt 0:00:10]} 41. Bxd5 {[%emt 0:00:00]}
exd5 {[%emt 0:00:05]} 42. Bxf6+ {[%emt 0:00:03]} Kg8 {[%emt 0:00:00]} 43. Qxd5+
{[%emt 0:00:09]} Qf7 {[%emt 0:00:03]} 44. Bxc3 {[%emt 0:00:09]} Qxd5 {[%emt 0:
00:22]} 45. Rxd5 {[%emt 0:00:00]} Re3 {[%emt 0:00:02]} 46. Bd4 {[%emt 0:00:52]}
Rxg3+ {[%emt 0:00:01]} 47. Kh2 {[%emt 0:00:00]} Rd3 {[%emt 0:00:13]} 48. Kg2 {
[%emt 0:00:14]} Ra8 {[%emt 0:00:09]} 49. Kf2 {[%emt 0:00:08]} Ra2+ {[%emt 0:00:
12]} 50. Ke1 {[%emt 0:00:00]} Rad2 {[%emt 0:00:05]} 51. c6 {[%emt 0:00:10]}
Rxd4 {[%emt 0:00:02]} 52. c7 {[%emt 0:00:02]} Rxd5 {[%emt 0:00:51]} 53. c8=Q+ {
[%emt 0:00:01]} Kf7 {[%emt 0:00:14]} 54. Qh8 {[%emt 0:00:03]} Rd1+ {[%emt 0:00:
19]} 55. Ke2 {[%emt 0:00:00]} R5d2+ {[%emt 0:00:14]} 56. Ke3 {[%emt 0:00:15]}
Rd3+ {[%emt 0:00:01]} 57. Ke4 {[%emt 0:00:07]} Rd4+ {[%emt 0:00:00]} 58. Ke3 {
[%emt 0:00:31]} R1d3+ {[%emt 0:00:00]} 59. Ke2 {[%emt 0:00:03]} 1/2-1/2

[Event "RUS-ch Rapid 2021"]
[Site "Sochi"]
[Date "2021.10.13"]
[Round "10.8"]
[White "Petrov, Nikita"]
[Black "Kokarev, Dmitry"]
[Result "1-0"]
[WhiteElo "2539"]
[BlackElo "2579"]
[Annotator "ChessBase"]
[PlyCount "69"]
[EventDate "2021.10.12"]
[EventType "swiss"]
[EventCountry "RUS"]
[SourceTitle "playchess.com"]
[Source "ChessBase"]
[SourceQuality "1"]
[TimeControl "900+10"]

1. d4 {[%emt 0:00:00]} Nf6 {[%emt 0:00:00]} 2. c4 {[%emt 0:00:00]} g6 {[%emt 0:
00:00]} 3. Nc3 {[%emt 0:00:06]} Bg7 {[%emt 0:00:04]} 4. e4 {[%emt 0:00:04]} d6
{[%emt 0:00:01]} 5. Nf3 {[%emt 0:00:00]} O-O {[%emt 0:00:06]} 6. Be2 {[%emt 0:
00:00]} e5 {[%emt 0:00:08]} 7. O-O {[%emt 0:00:00]} c6 {[%emt 0:00:00]} 8. Re1
{[%emt 0:00:33]} exd4 {[%emt 0:00:14]} 9. Nxd4 {[%emt 0:00:03]} Re8 {[%emt 0:
00:02]} 10. f3 {[%emt 0:03:18]} d5 {[%emt 0:00:05]} 11. cxd5 {[%emt 0:03:12]}
cxd5 {[%emt 0:00:17]} 12. Bg5 {[%emt 0:02:45]} Qb6 {[%emt 0:00:42]} 13. Kh1 {
[%emt 0:00:17]} dxe4 {[%emt 0:00:15]} 14. Ndb5 {[%emt 0:01:43]} Rd8 {[%emt 0:
03:28]} 15. Qc1 {[%emt 0:00:00]} a6 {[%emt 0:02:41]} 16. Be3 {[%emt 0:01:40]}
Qc6 {[%emt 0:00:00]} 17. Na7 {[%emt 0:00:40]} Qe6 {[%emt 0:00:48]} 18. Nxe4 {
[%emt 0:00:57]} Nxe4 {[%emt 0:00:08]} 19. fxe4 {[%emt 0:00:00]} Bd7 {[%emt 0:
00:32]} 20. Bc4 {[%emt 0:00:16]} Qe8 {[%emt 0:00:26]} 21. Bb6 {[%emt 0:00:31]}
Rxa7 {[%emt 0:01:55]} 22. Bxa7 {[%emt 0:00:00]} Nc6 {[%emt 0:00:02]} 23. Bb6 {
[%emt 0:00:40]} Rc8 {[%emt 0:00:00]} 24. Qd2 {[%emt 0:00:04]} Ne5 {[%emt 0:00:
10]} 25. Bd5 {[%emt 0:00:06]} Bb5 {[%emt 0:01:53]} 26. Rac1 {[%emt 0:00:50]} h5
{[%emt 0:00:35]} 27. Rxc8 {[%emt 0:00:16]} Qxc8 {[%emt 0:00:00]} 28. Rc1 {
[%emt 0:00:02]} Qg4 {[%emt 0:00:22]} 29. h3 {[%emt 0:00:11]} Qh4 {[%emt 0:00:
06]} 30. Qf2 {[%emt 0:00:27]} Qg5 {[%emt 0:00:23]} 31. Rc7 {[%emt 0:00:10]} Kh7
{[%emt 0:01:08]} 32. Bd4 {[%emt 0:00:14]} Be8 {[%emt 0:00:35]} 33. Bxf7 {
[%emt 0:00:47]} Qd8 {[%emt 0:01:29]} 34. Bxe5 {[%emt 0:00:42]} Bxe5 {[%emt 0:
00:01]} 35. Bxg6+ {[%emt 0:00:13]} 1-0

[Event "RUS-ch Rapid 2021"]
[Site "Sochi"]
[Date "2021.10.13"]
[Round "10.9"]
[White "Iljiushenok, Ilia"]
[Black "Murzin, Volodar"]
[Result "0-1"]
[WhiteElo "2554"]
[BlackElo "2513"]
[Annotator "ChessBase"]
[PlyCount "70"]
[EventDate "2021.10.12"]
[EventType "swiss"]
[EventCountry "RUS"]
[SourceTitle "playchess.com"]
[Source "ChessBase"]
[SourceQuality "1"]
[TimeControl "900+10"]

1. e4 {[%emt 0:00:00]} c6 {[%emt 0:00:04]} 2. d4 {[%emt 0:00:02]} d5 {[%emt 0:
00:00]} 3. e5 {[%emt 0:00:08]} Bf5 {[%emt 0:00:08]} 4. c4 {[%emt 0:00:02]} e6 {
[%emt 0:00:00]} 5. Nc3 {[%emt 0:00:00]} Ne7 {[%emt 0:00:25]} 6. a3 {[%emt 0:00:
01]} Nd7 {[%emt 0:00:21]} 7. cxd5 {[%emt 0:00:02]} cxd5 {[%emt 0:00:14]} 8. h4
{[%emt 0:01:28]} h6 {[%emt 0:03:19]} 9. g4 {[%emt 0:00:27]} Bh7 {[%emt 0:00:26]
} 10. h5 {[%emt 0:00:09]} Nc6 {[%emt 0:01:28]} 11. Bd3 {[%emt 0:00:04]} Bxd3 {
[%emt 0:00:04]} 12. Qxd3 {[%emt 0:00:06]} Qb6 {[%emt 0:01:00]} 13. Nge2 {
[%emt 0:00:05]} Be7 {[%emt 0:00:06]} 14. f4 {[%emt 0:00:24]} O-O-O {[%emt 0:00:
40]} 15. b4 {[%emt 0:00:21]} Kb8 {[%emt 0:00:39]} 16. Be3 {[%emt 0:04:17]} Rc8
{[%emt 0:02:35]} 17. f5 {[%emt 0:00:57]} Qd8 {[%emt 0:01:07]} 18. O-O {[%emt 0:
00:41]} Bg5 {[%emt 0:00:35]} 19. Nb5 {[%emt 0:03:02]} a6 {[%emt 0:01:07]} 20.
Nbc3 {[%emt 0:00:56]} Ndxe5 {[%emt 0:00:36]} 21. Bxg5 {[%emt 0:00:39]} Nxd3 {
[%emt 0:00:15]} 22. Bxd8 {[%emt 0:00:04]} Rhxd8 {[%emt 0:00:22]} 23. fxe6 {
[%emt 0:00:14]} fxe6 {[%emt 0:00:00]} 24. Rf7 {[%emt 0:00:18]} e5 {[%emt 0:00:
53]} 25. Rd1 {[%emt 0:01:17]} exd4 {[%emt 0:00:16]} 26. Nxd4 {[%emt 0:00:28]}
Nce5 {[%emt 0:00:14]} 27. Rxd3 {[%emt 0:00:17]} Nxf7 {[%emt 0:00:34]} 28. Nce2
{[%emt 0:00:35]} Ne5 {[%emt 0:00:14]} 29. Rg3 {[%emt 0:00:00]} Nc6 {[%emt 0:00:
28]} 30. Ne6 {[%emt 0:00:14]} Rd7 {[%emt 0:00:08]} 31. N2f4 {[%emt 0:00:06]} d4
{[%emt 0:00:22]} 32. Nd3 {[%emt 0:00:00]} Re8 {[%emt 0:00:09]} 33. Nec5 {
[%emt 0:00:10]} Rf7 {[%emt 0:00:17]} 34. g5 {[%emt 0:00:05]} Rf5 {[%emt 0:00:
24]} 35. g6 {[%emt 0:00:02]} Re7 {[%emt 0:00:00]} 0-1

[Event "RUS-ch Rapid 2021"]
[Site "Sochi"]
[Date "2021.10.13"]
[Round "10.10"]
[White "Faizrakhmanov, Ramil"]
[Black "Demidov, Mikhail"]
[Result "0-1"]
[WhiteElo "2483"]
[BlackElo "2551"]
[Annotator "ChessBase"]
[PlyCount "72"]
[EventDate "2021.10.12"]
[EventType "swiss"]
[EventCountry "RUS"]
[SourceTitle "playchess.com"]
[Source "ChessBase"]
[SourceQuality "1"]
[TimeControl "900+10"]

1. d4 {[%emt 0:00:00]} g6 {[%emt 0:00:00]} 2. c4 {[%emt 0:00:05]} Bg7 {[%emt 0:
00:01]} 3. e4 {[%emt 0:00:00]} Nc6 {[%emt 0:00:06]} 4. Be3 {[%emt 0:00:10]} e5
{[%emt 0:00:04]} 5. d5 {[%emt 0:00:06]} Nd4 {[%emt 0:00:00]} 6. Ne2 {[%emt 0:
00:09]} c5 {[%emt 0:00:07]} 7. dxc6 {[%emt 0:00:12]} dxc6 {[%emt 0:00:04]} 8.
Nbc3 {[%emt 0:00:24]} Be6 {[%emt 0:00:27]} 9. Ng3 {[%emt 0:00:50]} Qa5 {
[%emt 0:01:29]} 10. Bd2 {[%emt 0:02:10]} Qb6 {[%emt 0:01:35]} 11. Na4 {[%emt 0:
00:20]} Qc7 {[%emt 0:00:11]} 12. Nc5 {[%emt 0:00:14]} O-O-O {[%emt 0:00:17]}
13. Nxe6 {[%emt 0:00:20]} Nxe6 {[%emt 0:00:06]} 14. Qa4 {[%emt 0:00:34]} Rxd2 {
[%emt 0:00:15]} 15. Kxd2 {[%emt 0:00:07]} Qb6 {[%emt 0:00:01]} 16. Kc1 {
[%emt 0:00:52]} Qxf2 {[%emt 0:00:21]} 17. Qd1 {[%emt 0:01:44]} Nf6 {[%emt 0:01:
33]} 18. Kb1 {[%emt 0:01:10]} Rd8 {[%emt 0:01:20]} 19. Qe2 {[%emt 0:00:04]} Qb6
{[%emt 0:00:41]} 20. Qc2 {[%emt 0:02:11]} Ng4 {[%emt 0:01:52]} 21. Be2 {
[%emt 0:00:32]} Ne3 {[%emt 0:00:29]} 22. Qb3 {[%emt 0:00:04]} h5 {[%emt 0:01:
43]} 23. Qxb6 {[%emt 0:00:36]} axb6 {[%emt 0:00:05]} 24. a4 {[%emt 0:00:54]}
Nxg2 {[%emt 0:00:25]} 25. Rd1 {[%emt 0:00:29]} Nd4 {[%emt 0:00:04]} 26. a5 {
[%emt 0:00:14]} bxa5 {[%emt 0:00:14]} 27. Rxa5 {[%emt 0:00:03]} Kc7 {[%emt 0:
00:05]} 28. Bf1 {[%emt 0:01:18]} Ne3 {[%emt 0:00:48]} 29. Re1 {[%emt 0:00:22]}
Nec2 {[%emt 0:01:15]} 30. Rd1 {[%emt 0:00:20]} h4 {[%emt 0:00:07]} 31. Ne2 {
[%emt 0:01:27]} Ne3 {[%emt 0:00:05]} 32. Nxd4 {[%emt 0:00:16]} Nxd1 {[%emt 0:
00:05]} 33. Nf3 {[%emt 0:00:05]} Nf2 {[%emt 0:00:22]} 34. Be2 {[%emt 0:00:28]}
Nxe4 {[%emt 0:00:09]} 35. Nxe5 {[%emt 0:00:09]} Re8 {[%emt 0:00:53]} 36. Nf3 {
[%emt 0:00:16]} Nd2+ {[%emt 0:00:22]} 0-1

[Event "RUS-ch Rapid 2021"]
[Site "Sochi"]
[Date "2021.10.13"]
[Round "10.11"]
[White "Gochelashvili, David"]
[Black "Pridorozhni, Aleksei"]
[Result "1-0"]
[WhiteElo "2400"]
[BlackElo "2564"]
[Annotator "ChessBase"]
[PlyCount "105"]
[EventDate "2021.10.12"]
[EventType "swiss"]
[EventCountry "RUS"]
[SourceTitle "playchess.com"]
[Source "ChessBase"]
[SourceQuality "1"]
[TimeControl "900+10"]

1. e4 {[%emt 0:00:37]} c5 {[%emt 0:00:06]} 2. c3 {[%emt 0:00:00]} e6 {[%emt 0:
00:02]} 3. d4 {[%emt 0:00:01]} d5 {[%emt 0:00:00]} 4. exd5 {[%emt 0:00:42]}
exd5 {[%emt 0:00:02]} 5. Nf3 {[%emt 0:00:24]} Nc6 {[%emt 0:00:00]} 6. Bb5 {
[%emt 0:00:07]} Bd6 {[%emt 0:00:00]} 7. O-O {[%emt 0:00:05]} Nge7 {[%emt 0:00:
02]} 8. dxc5 {[%emt 0:00:02]} Bxc5 {[%emt 0:00:02]} 9. Re1 {[%emt 0:00:03]} O-O
{[%emt 0:00:08]} 10. Be3 {[%emt 0:00:03]} Bxe3 {[%emt 0:00:32]} 11. Rxe3 {
[%emt 0:00:00]} Qb6 {[%emt 0:00:01]} 12. Bxc6 {[%emt 0:01:05]} Nxc6 {[%emt 0:
00:04]} 13. Qb3 {[%emt 0:00:00]} Qxb3 {[%emt 0:00:41]} 14. axb3 {[%emt 0:00:00]
} Bg4 {[%emt 0:00:00]} 15. Nd4 {[%emt 0:00:54]} a5 {[%emt 0:01:04]} 16. f3 {
[%emt 0:01:12]} Bd7 {[%emt 0:00:13]} 17. Kf2 {[%emt 0:00:00]} Rfc8 {[%emt 0:00:
15]} 18. Nb5 {[%emt 0:02:45]} Be6 {[%emt 0:00:59]} 19. N1a3 {[%emt 0:00:13]} a4
{[%emt 0:01:13]} 20. b4 {[%emt 0:02:25]} d4 {[%emt 0:00:00]} 21. Nxd4 {[%emt 0:
00:03]} Nxd4 {[%emt 0:00:07]} 22. cxd4 {[%emt 0:00:00]} Ra6 {[%emt 0:00:15]}
23. Rd1 {[%emt 0:02:03]} Bb3 {[%emt 0:00:09]} 24. Rc1 {[%emt 0:00:26]} Rd8 {
[%emt 0:00:08]} 25. Re7 {[%emt 0:00:16]} Rb6 {[%emt 0:00:24]} 26. Rd7 {[%emt 0:
00:30]} Re8 {[%emt 0:00:10]} 27. Rcc7 {[%emt 0:00:05]} Rbe6 {[%emt 0:00:07]}
28. d5 {[%emt 0:00:20]} Re2+ {[%emt 0:00:29]} 29. Kg3 {[%emt 0:00:00]} Rxb2 {
[%emt 0:00:16]} 30. Rxb7 {[%emt 0:01:34]} Rf8 {[%emt 0:00:13]} 31. d6 {[%emt 0:
00:34]} Be6 {[%emt 0:00:32]} 32. Re7 {[%emt 0:00:26]} Rd8 {[%emt 0:00:10]} 33.
Nb5 {[%emt 0:00:02]} h5 {[%emt 0:01:02]} 34. d7 {[%emt 0:00:59]} Kf8 {[%emt 0:
00:42]} 35. Rxe6 {[%emt 0:00:04]} fxe6 {[%emt 0:00:03]} 36. Nd4 {[%emt 0:00:00]
} Rd2 {[%emt 0:02:45]} 37. Nxe6+ {[%emt 0:00:06]} Ke7 {[%emt 0:00:01]} 38. Nxd8
{[%emt 0:00:12]} Kxd8 {[%emt 0:00:01]} 39. Ra7 {[%emt 0:00:11]} Ra2 {[%emt 0:
00:01]} 40. b5 {[%emt 0:00:58]} Rb2 {[%emt 0:00:26]} 41. Rxa4 {[%emt 0:00:00]}
Rxb5 {[%emt 0:00:03]} 42. Ra8+ {[%emt 0:00:02]} Kxd7 {[%emt 0:00:02]} 43. Ra7+
{[%emt 0:00:11]} Ke6 {[%emt 0:00:00]} 44. Rxg7 {[%emt 0:00:00]} Kf6 {[%emt 0:
00:09]} 45. Rh7 {[%emt 0:00:01]} Kg6 {[%emt 0:00:00]} 46. Rd7 {[%emt 0:00:01]}
Rb2 {[%emt 0:00:05]} 47. Rd6+ {[%emt 0:00:02]} Kf5 {[%emt 0:00:00]} 48. Rd5+ {
[%emt 0:00:00]} Kg6 {[%emt 0:00:02]} 49. Rd6+ {[%emt 0:00:19]} Kf5 {[%emt 0:00:
01]} 50. h4 {[%emt 0:00:00]} Rb8 {[%emt 0:00:18]} 51. Rh6 {[%emt 0:00:09]} Rg8+
{[%emt 0:00:00]} 52. Kh3 {[%emt 0:00:04]} Kf4 {[%emt 0:00:20]} 53. Rxh5 {
[%emt 0:00:00]} 1-0